Ek Hero de talash (ਇੱਕ ਹੀਰੋ ਦੀ ਤਾਲਾਸ਼) (Record no. 9906)
[ view plain ]
| 000 -LEADER | |
|---|---|
| fixed length control field | 00440nam a22001337a 4500 |
| 003 - CONTROL NUMBER IDENTIFIER | |
| control field | OSt |
| 005 - DATE AND TIME OF LATEST TRANSACTION | |
| control field | 20240320120055.0 |
| 008 - FIXED-LENGTH DATA ELEMENTS--GENERAL INFORMATION | |
| fixed length control field | 240320b |||||||| |||| 00| 0 eng d |
| 040 ## - CATALOGING SOURCE | |
| Transcribing agency | Central Library MRSPTU |
| 100 ## - MAIN ENTRY--PERSONAL NAME | |
| Personal name | Gurcharan Singh Jasuja (ਗੁਰਚਰਨ ਸਿੰਘ ਜਸੂਜਾ) |
| 245 ## - TITLE STATEMENT | |
| Title | Ek Hero de talash (ਇੱਕ ਹੀਰੋ ਦੀ ਤਾਲਾਸ਼) |
| 260 ## - PUBLICATION, DISTRIBUTION, ETC. | |
| Place of publication, distribution, etc. | Delhi |
| Name of publisher, distributor, etc. | Bishan Chand Adson |
| Date of publication, distribution, etc. | 1989 |
| 942 ## - ADDED ENTRY ELEMENTS (KOHA) | |
| Source of classification or shelving scheme | Dewey Decimal Classification |
| Koha item type | Book |
| Suppress in OPAC | No |
| Withdrawn status | Lost status | Source of classification or shelving scheme | Damaged status | Not for loan | Collection | Home library | Current library | Date acquired | Total checkouts | Barcode | Date last seen | Date last checked out | Price effective from | Koha item type |
|---|---|---|---|---|---|---|---|---|---|---|---|---|---|---|
| Dewey Decimal Classification | BK | MRSPTU Central Library | MRSPTU Central Library | 03/20/2024 | 1 | G-68 | 05/06/2024 | 04/25/2024 | 03/20/2024 | Book |
